000 00799nam a2200253 a 4500
999 _c1808
_d1808
007 ta
008 200120s1979 ii a|||g u|||f00| 0 eng d
020 _cRs. 180.00
040 _aKO
_beng
041 0 _aeng
044 _aii
082 0 4 _223
_a623.873
_bIS9126(I):1979
110 2 _aIndian Standards Institution
245 1 0 _aTolerances for Castings and Finishing of Ships' Screw Propellers.
_nPart 1.
_pPropellers of Diameter between 0.8 and 2.5 Metres
260 _aNew Delhi :
_bIndian Standards Institution,
_c1979
300 _a10 p. :
_bill. ;
_c30 cm.
490 0 _aIndian Standard ;
_vIS 9126 (Part I) : 1979
650 0 _aShip propulsion
_xStandards
650 0 _aPropellers
_xDesign and construction
_xStandards
904 _aRUDRA_R
905 _aR_RANJAN
942 _cRT